000
00482nam a2200169Ia 4500
008
090711s9999 xx 000 0 und d
082
_b
41266
100
_a
मेहता शशिकला
245
_a
सांगु कुणा
260
_c
1980
300
_a
184
600
_a
मेहता शशिकला
630
_a
सांगु कुणा
700
_a
मेहता शशिकला
730
_a
सांगु कुणा
942
_c
BOOK
999
_c
294224
_d
294224